000 01281nam a2200289Ia 4500
999 _c19917
_d19917
001 20295
003 DO-CoUTE
005 20260204212520.0
008 220102s9999 dr 000 0 spa d
040 _aDO-CoUTE
_bspa
_cDO-CoUTE
041 0 _aspa
090 _aBIO 2020 G89
100 1 _aGuzmán, María Magdalena
_esustentante
245 1 0 _aEvaluación de la calidad en el servicio en los laboratorios clínicos de Pimentel / María Magdalena Guzmán, María Victoria Muñoz Lora, Merlin Martínez Bourdier ; asesor Altagracia Josefina Suárez Galán
260 _aCotuí, República Dominicana :
_bUTECO
_c2020
300 _a74 hojas :
_bIlustraciones ;
_c28cm.
502 _aTrabajo de grado (Licenciatura en Bioanálisis) --Universidad Tecnológica del Cibao Oriental, 2020
504 _aIncluye referencia bibliográfica e índice
650 4 _aCalidad de servicios - laboratorios clínicos
700 1 _aMaría Victoria Muñoz Lora
_esustentante
700 1 _aMerlin Martínez Bourdier
_esustentante
700 1 _aSuárez Galán, Altagracia Josefina
_easesor
830 0 _aTesis y disertaciones académicas (Universidad Tecnológica del Cibao Oriental)
942 _2LC
_cTH